[Event "TUR Cup"]
[Site "Denizli"]
[Date "2023.07.19"]
[Round "6"]
[White "Kaygisiz, Ozgur Can"]
[Black "Taze, Bulent"]
[Result "0-1"]
[WhiteElo "1636"]
[BlackElo "1666"]
[PlyCount "92"]
[EventDate "2023.07.16"]
[EventType "team-tourn"]
[EventRounds "9"]
[EventCountry "TUR"]
[SourceTitle "CBM 215 Extra"]
[Source "ChessBase"]
[SourceDate "2023.09.30"]
[SourceVersion "1"]
[SourceVersionDate "2023.09.30"]
[SourceQuality "1"]

1. e4 e5 2. Nf3 Nc6 3. Bc4 Be7 4. d4 d6 5. d5 Nb8 6. h3 Nf6 7. Nc3 Nbd7 8. Be3 0-0 9. g4 Nb6 10. Bb3 h6 11. g5 hxg5 12. Nxg5 Ng4 13. Bxb6 axb6 14. Nf3 Nf6 15. Ng5 g6 16. Rg1 Nh7 17. Ne6 fxe6 18. Rxg6+ Kh8 19. Qh5 Qe8 20. 0-0-0 Rf6 21. Rdg1 Rxg6 22. Rxg6 Bd7 23. dxe6 Bc6 24. Nd5 Bxd5 25. exd5 Qf8 26. Rh6 Qxh6+ 27. Qxh6 Bg5+ 28. Qxg5 Nxg5 29. Bc4 c6 30. h4 Nh7 31. Kd2 Nf6 32. dxc6 bxc6 33. a3 d5 34. Bf1 Ne4+ 35. Ke3 Nc5 36. Bh3 Re8 37. f4 exf4+ 38. Kxf4 Nxe6+ 39. Kf5 Ng7+ 40. Kg6 Re2 41. h5 Nxh5 42. Kxh5 Rxc2 43. Bd7 Kg7 44. Kg4 Kf6 45. b4 Ke7 46. Bc8 Kd6 0-1

[Event "Sivas op 1st"]
[Site "Sivas"]
[Date "2019.08.23"]
[Round "8"]
[White "Genc, Ugur Can"]
[Black "Taze, Bulent"]
[Result "1-0"]
[WhiteElo "1661"]
[BlackElo "1743"]
[PlyCount "87"]
[EventDate "2019.08.19"]
[EventType "swiss"]
[EventRounds "9"]
[EventCountry "TUR"]
[SourceTitle "EXT 2020"]
[Source "ChessBase"]
[SourceDate "2019.10.17"]
[SourceVersion "1"]
[SourceVersionDate "2019.10.17"]
[SourceQuality "1"]

1. e4 e6 2. d4 d5 3. Nd2 dxe4 4. Nxe4 Nd7 5. Be3 Ngf6 6. Bd3 Nxe4 7. Bxe4 Nf6 8. Bf3 Be7 9. Ne2 0-0 10. 0-0 Rb8 11. c4 b6 12. Nc3 Bb7 13. Bxb7 Rxb7 14. Qf3 Rb8 15. Rfd1 Qc8 16. Rac1 Qb7 17. Qe2 c6 18. f3 Rfd8 19. b3 Rbc8 20. g4 h6 21. h4 Nh7 22. Qf2 Qc7 23. f4 g6 24. f5 g5 25. Ne4 exf5 26. gxf5 f6 27. Qf3 Bf8 28. Kg2 Qf7 29. Rh1 Bg7 30. Rcg1 Qe7 31. Kf2 Re8 32. Ng3 Nf8 33. Re1 Qf7 34. hxg5 fxg5 35. Nh5 Nd7 36. Nxg7 Qxg7 37. Reg1 Rf8 38. Ke2 Qf6 39. Kd2 Kg7 40. Qh5 Rh8 41. Bxg5 Qxd4+ 42. Kc2 Qe4+ 43. Kc1 Nc5 44. Be7+ 1-0

[Event "Sivas op 1st"]
[Site "Sivas"]
[Date "2019.08.22"]
[Round "6"]
[White "Taze, Bulent"]
[Black "Citil, Feyzullah"]
[Result "1-0"]
[WhiteElo "1743"]
[BlackElo "1586"]
[PlyCount "145"]
[EventDate "2019.08.19"]
[EventType "swiss"]
[EventRounds "9"]
[EventCountry "TUR"]
[SourceTitle "EXT 2020"]
[Source "ChessBase"]
[SourceDate "2019.10.17"]
[SourceVersion "1"]
[SourceVersionDate "2019.10.17"]
[SourceQuality "1"]

1. d4 Nf6 2. c4 d6 3. Nc3 g6 4. e4 Bg7 5. Nf3 0-0 6. Be2 e5 7. 0-0 Nc6 8. d5 Ne7 9. Ne1 Nd7 10. Be3 f5 11. f3 f4 12. Bf2 g5 13. Nd3 Ng6 14. c5 Nf6 15. cxd6 cxd6 16. Rc1 Rf7 17. Qb3 h5 18. Nb5 a6 19. Na7 Bd7 20. Qxb7 Bb5 21. Qxa8 Qxa8 22. Rc8+ Qxc8 23. Nxc8 Bf8 24. Na7 Bxd3 25. Bxd3 g4 26. Nc6 h4 27. Bxa6 g3 28. hxg3 hxg3 29. Bb6 Rh7 30. Bd8 Kg7 31. Bxf6+ Kxf6 32. Bc8 Ne7 33. Nxe7 Bxe7 34. Bh3 Bd8 35. Rc1 Rb7 36. Rc2 Bb6+ 37. Kf1 Bd4 38. b3 Bc5 39. Ke2 Rh7 40. Kf1 Rb7 41. Rc1 Ra7 42. a4 Rb7 43. Rb1 Ke7 44. Ke2 Kd8 45. Kd3 Kc7 46. Kc4 Rb4+ 47. Kc3 Kb6 48. Bd7 Ka5 49. Bb5 Rd4 50. Bd3 Rb4 51. Rh1 Bd4+ 52. Kc2 Rb7 53. Rh8 Kb4 54. Bb5 Ka3 55. Rh6 Rb6 56. Rh7 Kb4 57. Bc6 Ka3 58. Bb5 Kb4 59. Bc4 Rb8 60. Kd3 Bc5 61. Rh1 Bd4 62. Kc2 Bc5 63. Rh7 Bd4 64. Ba6 Bc5 65. Bb7 Bd4 66. Kd3 Bc5 67. a5 Kxa5 68. Kc4 Kb6 69. b4 Be3 70. Bc6 Rd8 71. Rb7+ Ka6 72. Kb3 Bc5 73. bxc5 1-0

[Event "TUR-chT 2nd League"]
[Site "Konya"]
[Date "2019.07.25"]
[Round "5.15"]
[White "Taze, Bulent"]
[Black "Yetkin, Ayhan"]
[Result "1-0"]
[WhiteElo "1714"]
[BlackElo "1775"]
[PlyCount "119"]
[EventDate "2019.07.22"]
[EventType "team-swiss"]
[EventRounds "9"]
[EventCountry "TUR"]
[SourceTitle "CBM 191 Extra"]
[Source "ChessBase"]
[SourceDate "2019.09.30"]
[SourceVersion "1"]
[SourceVersionDate "2019.09.30"]
[SourceQuality "1"]
[WhiteTeam "Seviye Dernegi"]
[BlackTeam "Altin Hamle Corum"]
[WhiteTeamCountry "TUR"]
[BlackTeamCountry "TUR"]

1. d4 Nf6 2. c4 c5 3. d5 e5 4. Nc3 d6 5. e4 Be7 6. Nf3 Nbd7 7. Bd3 a6 8. 0-0 0-0 9. h3 Ne8 10. Qe2 g6 11. Nh2 Bg5 12. Ng4 Bxc1 13. Raxc1 h5 14. Nh2 Ndf6 15. f4 exf4 16. e5 Nd7 17. exd6 Nxd6 18. Rxf4 Re8 19. Qd2 Ne5 20. Bf1 Bd7 21. Ne4 Nxe4 22. Rxe4 Bf5 23. Ree1 Kg7 24. Qc3 f6 25. Nf3 Nxf3+ 26. Qxf3 Qd6 27. Bd3 Bxd3 28. Qxd3 Re5 29. Re4 Rae8 30. Rce1 Kf7 31. Qf3 b5 32. b3 f5 33. Rxe5 Rxe5 34. Qg3 Rxe1+ 35. Qxe1 Qf4 36. Qe6+ Kg7 37. Qe7+ Kh6 38. Qxc5 Qc1+ 39. Kh2 Qf4+ 40. g3 Qd2+ 41. Kg1 bxc4 42. bxc4 Qe1+ 43. Kg2 Qe2+ 44. Qf2 Qxc4 45. Qf4+ Qxf4 46. gxf4 Kg7 47. Kg3 Kf6 48. Kh4 a5 49. a4 Ke7 50. Kg5 Kd6 51. Kxg6 Kxd5 52. Kxf5 Kc4 53. Kg5 Kb4 54. f5 Kxa4 55. f6 Kb3 56. f7 a4 57. f8Q a3 58. Kxh5 a2 59. Qf6 Kc2 60. Qa1 1-0

[Event "TUR-chT 2nd League"]
[Site "Konya"]
[Date "2017.07.18"]
[Round "2.16"]
[White "Taze, Bulent"]
[Black "Kabakli, Siar"]
[Result "1/2-1/2"]
[WhiteElo "1713"]
[BlackElo "1753"]
[PlyCount "65"]
[EventDate "2017.07.17"]
[EventType "team-swiss"]
[EventRounds "9"]
[EventCountry "TUR"]
[SourceTitle "CBM 179 Extra"]
[Source "ChessBase"]
[SourceDate "2017.08.23"]
[SourceVersion "1"]
[SourceVersionDate "2017.08.23"]
[SourceQuality "1"]
[WhiteTeam "Gaziante Seviye"]
[BlackTeam "Antalya Deniz Genclik"]
[WhiteTeamCountry "TUR"]
[BlackTeamCountry "TUR"]

1. d4 Nf6 2. Nf3 e6 3. c4 Bb4+ 4. Bd2 a5 5. Nc3 b6 6. e3 d5 7. cxd5 exd5 8. a3 Be7 9. Be2 0-0 10. 0-0 Nbd7 11. Qc2 Bb7 12. Rac1 c5 13. dxc5 bxc5 14. Rfd1 Rb8 15. Be1 Qc7 16. Nb5 Qb6 17. Bc3 Bc6 18. a4 Ne4 19. Be5 Nxe5 20. Nxe5 Rfd8 21. Nxc6 Qxc6 22. Nc3 Nxc3 23. bxc3 Bf6 24. Bb5 Qe6 25. c4 d4 26. exd4 Bxd4 27. Re1 Qf6 28. Rcd1 Rd6 29. Re2 Rbd8 30. Rde1 g6 31. Re8+ Rxe8 32. Rxe8+ Kg7 33. Re2 1/2-1/2

[Event "Manavgat Turkey Cup"]
[Site "Manavgat"]
[Date "2016.02.04"]
[Round "9"]
[White "Taze, Bulent"]
[Black "Ozbek, Deniz"]
[Result "1-0"]
[WhiteElo "1760"]
[BlackElo "1634"]
[PlyCount "117"]
[EventDate "2016.01.30"]
[EventType "swiss"]
[EventRounds "11"]
[EventCountry "TUR"]
[SourceTitle "CBM 170 Extra"]
[Source "ChessBase"]
[SourceDate "2016.02.25"]
[SourceVersion "1"]
[SourceVersionDate "2016.02.25"]
[SourceQuality "1"]

1. d4 d5 2. c4 e6 3. Nc3 Nf6 4. e3 c5 5. Nf3 Nc6 6. dxc5 Bxc5 7. a3 a6 8. b4 Be7 9. Bb2 dxc4 10. Qxd8+ Bxd8 11. Bxc4 b5 12. Be2 Bb7 13. 0-0 0-0 14. Rac1 Bb6 15. h3 Rfd8 16. Rfd1 Rac8 17. Rxd8+ Rxd8 18. Rd1 Rc8 19. Kf1 Ne7 20. Nd4 h6 21. a4 Ned5 22. Nxd5 Nxd5 23. axb5 axb5 24. Bf3 Rc4 25. Ba3 Rc3 26. Ra1 Bxd4 27. exd4 Rd3 28. Be2 Rxd4 29. Bxb5 Nxb4 30. Rb1 Nd5 31. Bc5 Rf4 32. Bd3 g5 33. Rxb7 Kg7 34. Bd6 Ra4 35. Rb8 f6 36. Rb7+ Kg8 37. g3 Ra1+ 38. Kg2 Ra2 39. Bc5 Ra5 40. Bd4 Ra4 41. Bb2 Kf8 42. Bb5 Ra5 43. Bc6 Ne7 44. Bf3 Nf5 45. Bxf6 Ra2 46. Bb2 Ra4 47. Bg4 Nd6 48. Rc7 Ne8 49. Rc8 Ke7 50. Bh5 Nd6 51. Rh8 Ra2 52. Rh7+ Kf8 53. Bd4 Nf5 54. Rh8+ Ke7 55. Bc5+ Kf6 56. Bg4 Rc2 57. Bxf5 Rxc5 58. Be4 Re5 59. f3 1-0

[Event "TUR-ch op"]
[Site "Antalya"]
[Date "2008.02.09"]
[Round "10.61"]
[White "Taze, Bulent"]
[Black "Evin, Abdulkerim"]
[Result "1-0"]
[WhiteElo "1763"]
[BlackElo "1491"]
[PlyCount "113"]
[EventDate "2008.02.04"]
[EventType "swiss"]
[EventRounds "11"]
[EventCountry "TUR"]
[SourceTitle "CBM 122 Extra"]
[Source "ChessBase"]
[SourceDate "2008.03.04"]
[SourceVersion "1"]
[SourceVersionDate "2008.03.04"]
[SourceQuality "1"]

1. Nf3 c5 2. g3 g6 3. Bg2 Bg7 4. d3 Nf6 5. e4 d6 6. 0-0 0-0 7. Nbd2 Nc6 8. c3 Bd7 9. h3 Qc8 10. Kh2 Rb8 11. Ne1 e5 12. a4 b5 13. axb5 Rxb5 14. Nc4 Qb8 15. Nc2 Be6 16. Qe2 Bxc4 17. dxc4 Rb6 18. Ne3 Rb3 19. Nd5 Nd7 20. g4 a5 21. Qc2 Qb7 22. Bf3 Rb8 23. Qd3 Qa6 24. Nc7 Qb6 25. Nb5 Nd4 26. Bd1 Bf8 27. Bxb3 Nxb3 28. Ra3 Nxc1 29. Rxc1 Ra8 30. Qd2 Be7 31. Rd1 Nf8 32. b4 a4 33. Rda1 cxb4 34. cxb4 Rc8 35. Qe3 Qxe3 36. fxe3 Rxc4 37. Nc3 Rxb4 38. Nd5 Rb2+ 39. Kg3 Rb7 40. Nxe7+ Rxe7 41. Rxa4 Ne6 42. Ra7 Rxa7 43. Rxa7 Ng5 44. Ra4 Kf8 45. h4 Ne6 46. Ra8+ Kg7 47. Kf3 h5 48. gxh5 gxh5 49. Ra6 f6 50. Rxd6 Nc5 51. Rc6 Nb3 52. Ke2 Na5 53. Rc5 Nb3 54. Rb5 Nc1+ 55. Kd2 Na2 56. Kc2 Kf7 57. Kb2 1-0

[Event "TUR-ch op"]
[Site "Antalya"]
[Date "2008.02.08"]
[Round "9.42"]
[White "Onay, Emrah"]
[Black "Taze, Bulent"]
[Result "1-0"]
[WhiteElo "1934"]
[BlackElo "1763"]
[PlyCount "161"]
[EventDate "2008.02.04"]
[EventType "swiss"]
[EventRounds "11"]
[EventCountry "TUR"]
[SourceTitle "CBM 122 Extra"]
[Source "ChessBase"]
[SourceDate "2008.03.04"]
[SourceVersion "1"]
[SourceVersionDate "2008.03.04"]
[SourceQuality "1"]

1. e4 e6 2. d4 d5 3. Nd2 Nf6 4. e5 Nfd7 5. Bd3 c5 6. c3 Nc6 7. Ne2 Qb6 8. 0-0 cxd4 9. cxd4 Nxd4 10. Nxd4 Qxd4 11. Nf3 Qb6 12. Qa4 Qb4 13. Qc2 h6 14. Bd2 Qb6 15. Qa4 a6 16. Rac1 Be7 17. Qg4 Kf8 18. Rc3 Qd8 19. Rfc1 b6 20. b4 Bb7 21. Rc7 Rc8 22. Rxb7 Rxc1+ 23. Bxc1 Qc8 24. Rxd7 Qxd7 25. a3 b5 26. Bb2 h5 27. Qf4 Kg8 28. Qc1 g6 29. Qe3 Bd8 30. Qc5 Qc7 31. Qd6 Qxd6 32. exd6 f6 33. Nd4 Kf7 34. Nc6 Bb6 35. a4 bxa4 36. Bxa6 e5 37. d7 Ke6 38. Bc8 Kd6 39. b5 Kc5 40. Ne7 Kc4 41. Bb7 d4 42. Bd5+ Kxb5 43. Ba3 g5 44. Kf1 d3 45. Nc6 Ba5 46. Bf7 Bb6 47. Be8 Kc4 48. Be7 Kb3 49. Bf7+ Kc2 50. Nb4+ Kc1 51. Nxd3+ Kd2 52. Nb2 Bc7 53. Bxf6 Rf8 54. Bxg5+ Kc2 55. Nxa4 Rxf7 56. d8Q Bxd8 57. Bxd8 Rd7 58. Bf6 e4 59. Nc5 Rc7 60. Nxe4 Kd3 61. f3 Rc1+ 62. Kf2 Rc2+ 63. Kg3 Ke2 64. Kh3 Kf1 65. Ng3+ Kf2 66. Bd4+ Ke1 67. Nxh5 Ke2 68. Nf4+ Kd2 69. g4 Rc4 70. Ne6 Ke2 71. f4 Kf3 72. f5 Rc8 73. Kh4 Ke4 74. Kh5 Rg8 75. Bg7 Kd5 76. Kg6 Rc8 77. h4 Kd6 78. h5 Rc4 79. Kg5 Ke7 80. h6 Kf7 81. h7 1-0

[Event "TUR-ch op"]
[Site "Antalya"]
[Date "2008.02.07"]
[Round "6.32"]
[White "Taze, Bulent"]
[Black "Ozveren, Ali Bulent"]
[Result "0-1"]
[WhiteElo "1763"]
[BlackElo "1987"]
[PlyCount "56"]
[EventDate "2008.02.04"]
[EventType "swiss"]
[EventRounds "11"]
[EventCountry "TUR"]
[SourceTitle "CBM 122 Extra"]
[Source "ChessBase"]
[SourceDate "2008.03.04"]
[SourceVersion "1"]
[SourceVersionDate "2008.03.04"]
[SourceQuality "1"]

1. e4 c5 2. Nf3 Nc6 3. d4 cxd4 4. Nxd4 Nf6 5. Nc3 d6 6. Be2 g6 7. Be3 Bg7 8. 0-0 0-0 9. f4 Qb6 10. Na4 Qa5 11. c3 Nxd4 12. Bxd4 b5 13. Bxf6 Bxf6 14. Qd5 Rb8 15. e5 Be6 16. Qe4 Bg7 17. f5 gxf5 18. Rxf5 Qxa4 19. b4 Bxf5 20. Qxf5 e6 21. Qh5 Qc2 22. Rf1 dxe5 23. h4 Rbd8 24. Qg4 Rd2 25. Bd1 Qxc3 26. Kh1 Qd4 27. Qh5 Rf2 28. Rg1 Rf5 0-1